ARRUPE JESUIT UNIVERSITY

CORONAVIRUS -STOP THE SPREAD - CLEAN,DISINFECT,COVER

One man's hand (Record no. 5971)

MARC details
000 -LEADER
fixed length control field 00655nam a2200241Ia 4500
003 - CONTROL NUMBER IDENTIFIER
control field 0100
008 - FIXED-LENGTH DATA ELEMENTS--GENERAL INFORMATION
fixed length control field 130227s9999 xx 000 0 und d
040 ## - CATALOGING SOURCE
Transcribing agency ARRUPELIB
050 ## - LIBRARY OF CONGRESS CALL NUMBER
Classification number SPC.DT962.W3 1972
100 ## - MAIN ENTRY--PERSONAL NAME
Personal name Wallis J. P. R.
9 (RLIN) 36260
245 ## - TITLE STATEMENT
Title One man's hand
Remainder of title the story of Sir Charles Coghlan and the liberation of Southern Rhodesia
Statement of responsibility, etc John Peter Richard
260 ## - PUBLICATION, DISTRIBUTION, ETC. (IMPRINT)
Name of publisher, distributor, etc Books of Rhodesia
Place of publication, distribution, etc Bulawayo
Date of publication, distribution, etc 1972
300 ## - PHYSICAL DESCRIPTION
Extent xv, 254p. ;
Dimensions 24cm.
440 ## - SERIES STATEMENT/ADDED ENTRY--TITLE
Title Rhodesiana Reprint Library No. 22
9 (RLIN) 36261
600 ## - SUBJECT ADDED ENTRY--PERSONAL NAME
Personal name Coghlan, Charles Patrick John
9 (RLIN) 36262
650 ## - SUBJECT ADDED ENTRY--TOPICAL TERM
Topical term following geographic name as entry element Rhodesia, Southern
General subdivision History
9 (RLIN) 26006
942 ## - ADDED ENTRY ELEMENTS (KOHA)
Source of classification or shelving scheme Library of Congress Classification
Item type Monograph ( Printed materials)
Holdings
Withdrawn status Lost status Source of classification or shelving scheme Damaged status Not for loan Collection code Home library Current library Shelving location Date acquired Total Checkouts Full call number Barcode Date last seen Copy number Price effective from Koha item type
    Library of Congress Classification     Main Collection ARRUPE LIBRARY ARRUPE LIBRARY   27/02/2013   SPC.DT962.W3 1972 46407656 27/02/2013 1 27/02/2013 Monograph ( Printed materials)
    Library of Congress Classification     Main Collection ARRUPE LIBRARY ARRUPE LIBRARY Main Collection 24/04/2014   SPC.DT962.W3 1972 46500001580 24/04/2014 2 24/04/2014 Monograph ( Printed materials)

 

Arrupe Library. PO Box MP320 Mt Pleasant, Harare, Zimbabwe
263 242 745411|librarian@aju.ac.zw